!Espabilemos! : (Record no. 49407)

MARC details
000 -LEADER
campo de control de longitud fija 01877cam a2200409 i 4500
001 - NÚMERO DE CONTROL
campo de control 118135
005 - FECHA Y HORA DE LA ÚLTIMA TRANSACCIÓN
campo de control 20230410115848.0
008 - DATOS DE LONGITUD FIJA--INFORMACIÓN GENERAL
campo de control de longitud fija 121008s2012 sp 000 0 spa
035 ## - NÚMERO DE CONTROL DEL SISTEMA
Número de control de sistema 17556057
010 ## - NÚMERO DE CONTROL DE LA BIBLIOTECA DEL CONGRESO
Número de control de LC 2012531869
020 ## - NÚMERO INTERNACIONAL ESTÁNDAR DEL LIBRO
Número Internacional Estándar del Libro 9788483197363
035 ## - NÚMERO DE CONTROL DEL SISTEMA
Número de control de sistema (SP-BaPL)pu120539831
040 ## - FUENTE DE CATALOGACIÓN
Centro catalogador/agencia de origen DLC
Lengua de catalogación eng
Centro/agencia transcriptor DLC
Normas de descripción rda
042 ## - CÓDIGO DE AUTENTICACIÓN
Código de autenticación pcc
043 ## - CÓDIGO DE ÁREA GEOGRÁFICA
Código de área geográfica e-sp---
045 ## - PERIODO DE TIEMPO DEL CONTENIDO
Código de periodo de tiempo x4x-
050 14 - SIGNATURA TOPOGRÁFICA DE LA BIBLIOTECA DEL CONGRESO
Número de clasificación HN 583.5
Número de ítem E77 2012
082 00 - NÚMERO DE LA CLASIFICACIÓN DECIMAL DEWEY
Número de clasificación 303.484
245 01 - MENCIÓN DEL TÍTULO
Título !Espabilemos! :
Resto del título argumentos desde el 15-M /
Mención de responsabilidad, etc. Carlos Taibo (coord.) ; Jeromo Aguado... [et al.].
260 ## - PUBLICACIÓN, DISTRIBUCIÓN, ETC.
Lugar de publicación, distribución, etc. Madrid :
Nombre del editor, distribuidor, etc. Catarata,
Fecha de publicación, distribución, etc. [2012]
300 ## - DESCRIPCIÓN FÍSICA
Extensión 127 p. ;
Dimensiones 21 cm.
490 0# - MENCIÓN DE SERIE
Mención de serie Los Libros de la catarata ;
Designación de volumen o secuencia 413
520 ## - RESUMEN, ETC.
Sumario, etc. ! Espabilemos ! es un libro que, nacido de la base del 15 - m, se direge a esa misma base y a todas las personas interesadas en una crítica de ma miseria imperante, sus textos nos hablan de los jóvenes, las mujeres, los jubilados, la inmigración, el estado del bienestar, la sanidad, la educación, la vivienda, el sindicalismo, la autogestión, el decrecimiento, la energía, el gasto militar, los pueblos del sur, la banca ética, las cooperativas integrales, el paro, la vida rural, los medios de comunicación, el municipalismo, las asambleas, la opinión pública, la represión, la cuestión nacional y la protesta global.
610 20 - PUNTO DE ACCESO ADICIONAL DE MATERIA--NOMBRE DE ENTIDAD CORPORATIVA
Nombre de entidad corporativa o nombre de jurisdicción como elemento de entrada 15-M (Organization)
650 #0 - PUNTO DE ACCESO ADICIONAL DE MATERIA--TÉRMINO DE MATERIA
Término de materia o nombre geográfico como elemento de entrada Protest movements
Subdivisión geográfica Spain
Subdivisión general History
Subdivisión cronológica 21st century.
650 #0 - PUNTO DE ACCESO ADICIONAL DE MATERIA--TÉRMINO DE MATERIA
Término de materia o nombre geográfico como elemento de entrada Social movements
Subdivisión geográfica Spain
Subdivisión general History
Subdivisión cronológica 21st century.
651 #0 - PUNTO DE ACCESO ADICIONAL DE MATERIA--NOMBRE GEOGRÁFICO
Nombre geográfico Spain
Subdivisión general Social conditions
Subdivisión cronológica 21st century.
610 24 - PUNTO DE ACCESO ADICIONAL DE MATERIA--NOMBRE DE ENTIDAD CORPORATIVA
Nombre de entidad corporativa o nombre de jurisdicción como elemento de entrada M-15 (Movimiento social)
Subdivisión geográfica España.
650 #4 - PUNTO DE ACCESO ADICIONAL DE MATERIA--TÉRMINO DE MATERIA
Término de materia o nombre geográfico como elemento de entrada Movimientos sociales
Subdivisión geográfica España.
650 #4 - PUNTO DE ACCESO ADICIONAL DE MATERIA--TÉRMINO DE MATERIA
Término de materia o nombre geográfico como elemento de entrada 20150700
700 1# - ENTRADA AGREGADA--NOMBRE PERSONAL
Nombre de persona Taibo, Carlos,
Fechas asociadas al nombre 1956-
700 1# - ENTRADA AGREGADA--NOMBRE PERSONAL
Nombre de persona Aguado, Jeromo.
925 0# -
-- acquire
-- 1 shelf copy
-- policy default
942 ## - ELEMENTOS DE ENTRADA SECUNDARIOS (KOHA)
Fuente del sistema de clasificación o colocación Clasificación de Library of Congress
Tipo de ítem Koha
923 ## -
-- 20121122
-- 183512
-- SP-BaPL
946 ## - PROCESAMIENTO DE INFORMACIÓN LOCAL (OCLC)
a IMRO
Holdings
Estatus retirado Estado de pérdida Fuente del sistema de clasificación o colocación Estado de daño No para préstamo Colección Biblioteca de origen Biblioteca actual Ubicación en estantería Fecha de adquisición Serial enumeration / chronology Signatura topográfica completa Código de barras Visto por última vez Copia número Tipo de ítem Koha
    Clasificación de Library of Congress     Ciencias Sociales Biblioteca Juan Bosch Biblioteca Juan Bosch Ciencias Sociales (3er. Piso) 10/04/2023 4 HN 583.5 E77 2012 00000111374 24/10/2018 1